Finance for all? : (Record no. 58365)
[ view plain ]
| 000 -LEADER | |
|---|---|
| fixed length control field | 01498nam a2200385 a 4500 |
| 001 - CONTROL NUMBER | |
| control field | 58365 |
| 003 - CONTROL NUMBER IDENTIFIER | |
| rucl marc code | BD-RjUL |
| 005 - DATE AND TIME OF LATEST TRANSACTION | |
| control field | 20211209080619.0 |
| 008 - FIXED-LENGTH DATA ELEMENTS--GENERAL INFORMATION | |
| fixed length control field | 161218s2008 dcua sb i001 0 eng d |
| 020 ## - INTERNATIONAL STANDARD BOOK NUMBER | |
| International Standard Book Number | 9780821372913 |
| International Standard Book Number | 0821372912 |
| International Standard Book Number | 9780821372920 (electronic) |
| International Standard Book Number | 0821372920 (electronic) |
| 035 ## - SYSTEM CONTROL NUMBER | |
| System control number | BD-RjUL58489 |
| 040 ## - CATALOGING SOURCE | |
| Original cataloging agency | DLC |
| Transcribing agency | DLC |
| Modifying agency | BAKER |
| -- | BTCTA |
| -- | YDXCP |
| -- | C#P |
| -- | DLC |
| -- | WaSeSS |
| Language of cataloging | eng |
| 041 ## - LANGUAGE CODE | |
| Language code of text/sound track or separate title | eng |
| 082 00 - DEWEY DECIMAL CLASSIFICATION NUMBER | |
| Classification number | 332.1091724 |
| Edition number | 22 |
| Author mark and year | DEF 2008 |
| 100 1# - MAIN ENTRY--PERSONAL NAME | |
| Personal name | Demirguc-Kunt, Asl, |
| Dates associated with a name | 1961- |
| 9 (RLIN) | 173341 |
| 245 10 - TITLE STATEMENT | |
| Title | Finance for all? : |
| Remainder of title | policies and pitfalls in expanding access / |
| Statement of responsibility, etc. | [by Asli Demirgc-Kunt, Thorsten Beck, and Patrick Honohan]. |
| 260 ## - PUBLICATION, DISTRIBUTION, ETC. (IMPRINT) | |
| Place of publication, distribution, etc. | Washington, D.C. : |
| Name of publisher, distributor, etc. | World Bank, |
| Date of publication, distribution, etc. | c2008. |
| 300 ## - PHYSICAL DESCRIPTION | |
| Pagination | 246 p. : |
| Illustrations | ill. ; |
| Size | 26 cm. |
| 500 ## - GENERAL NOTE | |
| General note | Statement of responsibility from p. xiii. |
| 504 ## - BIBLIOGRAPHY, ETC. NOTE | |
| Bibliography, etc | Includes bibliographical references (p. 213-235) and index. |
| 506 ## - RESTRICTIONS ON ACCESS NOTE | |
| Terms governing access | License restrictions may limit access. |
| 650 #0 - SUBJECT ADDED ENTRY--TOPICAL TERM | |
| Topical term or geographic name as entry element | Financial services industry |
| Geographic subdivision | Developing countries. |
| 9 (RLIN) | 173343 |
| Topical term or geographic name as entry element | Banks and banking |
| Geographic subdivision | Developing countries. |
| 9 (RLIN) | 173344 |
| 700 1# - ADDED ENTRY--PERSONAL NAME | |
| Personal name | Beck, Thorsten. |
| Personal name | Honohan, Patrick. |
| 710 2# - ADDED ENTRY--CORPORATE NAME | |
| Corporate name or jurisdiction name as entry element | World Bank. |
| 9 (RLIN) | 171728 |
| 773 #0 - HOST ITEM ENTRY | |
| Title | Open Knowledge Repository |
| 856 40 - ELECTRONIC LOCATION AND ACCESS | |
| Uniform Resource Identifier | <a href="http://www.columbia.edu/cgi-bin/cul/resolve?clio7973725">http://www.columbia.edu/cgi-bin/cul/resolve?clio7973725</a> |
| Public note | Full text available from Open Knowledge Repository |
| 942 ## - ADDED ENTRY ELEMENTS (KOHA) | |
| Source of classification or shelving scheme | Dewey Decimal Classification |
| Koha item type | Books |
| Lost status | Source of classification or shelving scheme | Damaged status | Not for loan | Collection code | Permanent Location | Current Location | Shelving location | Date acquired | Source of acquisition | Cost, normal purchase price | Total Checkouts | Full call number | Date last seen | Copy number | Koha item type |
|---|---|---|---|---|---|---|---|---|---|---|---|---|---|---|---|
| Dewey Decimal Classification | Not For Loan | Non-fiction | Central Library, University of Rajshahi | Central Library, University of Rajshahi | Reading Room | 14/05/2009 | Dhaka, MIDAS | 30.00 | 332.1091724 DEF 2008 | 18/12/2016 | C-1 | Books |